| 000 | 00430nam a22001697a 4500 | ||
|---|---|---|---|
| 003 | NUST - PNEC | ||
| 005 | 20170116181006.0 | ||
| 008 | 150912b xxu||||| |||| 00| 0 eng d | ||
| 020 | _a0434985554 | ||
| 040 | _cLIBRARY | ||
| 082 | _a001.642 MAY | ||
| 100 |
_99824 _aMaynard, J. |
||
| 245 |
_aComputer programming made simple _cMaynard, J. |
||
| 260 | _cc.1972 | ||
| 650 |
_911645 _xMIS _aComputer programming |
||
| 942 |
_2ddc _cBK |
||
| 999 |
_c66890 _d66890 |
||